000 00649nam a22001935i 4500
001 156284
003 ES-MaACL
005 20230906210353.0
008 040730s1870 gw |||| | eng d
040 _aCAM
_bspa
_cCAM
100 1 _aJeaffreson, John Cordy.
_9128289
245 1 2 _aA book about doctors /
_cby J. Cordy Jeaffreson.
260 _aLeipzig :
_bBernhard Tauchnitz,
_c1870.
300 _a2 v. (286; 286 p.) ;
_c16 cm.
490 1 _aCollection of british authors ;
_v1101; 1102
830 0 _aCollection of british authors ;
_v1101; 1102
_9180703
852 _aES-MaACL
_jG-11567
_z-- Enc. hol.
_z-- 2 t. en 1 v.
999 _c156284
_d156284